00000000nam##2200000za#4500
0019.633068
003CaOODSP
00520210624215140
007cr |||||||||||
008150407|2000||||xxc|||||o    f|0| 0 fre|d
040 |aCaOODSP|bfre
043 |an-cn---
0861 |aSW21-147/2000F-PDF
1101 |aCanada. |bCondition féminine Canada.
24510|aTable ronde des femmes autochtones sur l'égalité entre les sexes : |h[ressource électronique]|brapport de la table ronde
260 |aOttawa - Ontario : |bCondition féminine Canada |c2000.
300 |a27p.
590 |a06-10-Supp|b2006-12-15
69107|aAutochtones|2gcpds
69107|aConsultation|2gcpds
69107|aÉgalité des sexes|2gcpds
69107|aFemme|2gcpds
77508|tAboriginal women's roundtable on gender equality : |w(CaOODSP)9.688647
85640|ahttp://publications.gc.ca|qPDF|s197 Ko|uhttps://publications.gc.ca/collections/Collection/SW21-147-2000F.pdf